000 00796nam a2200265Ia 4500
003 OSt
005 20220928125836.0
006 a|||||r|||| 00| 0
007 ta
008 220927b |||||||| |||| 00| 0 eng d
020 _c3195
024 _a127293
037 _b124, 03/11/2015, N.R.Book Distributors
_cTextual
040 _aSDCL
_cSDCL
_beng
041 _2eng
_aeng
082 _aG:424, Q5
100 _aBlack Jacquelyn G.
_9460952
245 0 _aMicrobiology
_b Principles and explorations
260 _aNew Delhi
_bWiley
_c2015
300 _axviii,940p
_ccm.
650 _aMicrobiology
700 _a Black Laura J.
_9471803
942 _hG:424, Q5
_cTEXL
_2CC
999 _c784381
_d784381